000 01876 a2200229 4500
001 47736
005 20260407155743.0
008 260407a2011 arg spa d
003 AR-UNSa-BCEJYS
040 _aAR-UNSa-BCEJYS
_bspa
_cAR-UNSa-BCEJYS
080 _a510
_xConsideraciones fundamentales y generales de las matemáticas
245 1 0 _a50 cosas que hay que saber sobre matemáticas
020 _a978-987-1496-09-9
264 1 _aBarcelona :
_bEdiciones Ariel
_c2011
300 _a218 p.
_c23 cm.
505 _a1. El cero - 2. Sistemas numéricos - 3. Fracciones - 4. Cuadrados y raíces cuadradas - 5. π - 6. e - 7. El infinito - 8. Números imaginarios - 9. Primos - 10. Números perfectos - 11. Números de Fibonacci - 12. Rectángulos áureos - 13. El triángulo de Pascal 14. El álgebra - 15. El algoritmo de Euclides - 16. La lógica - 17. La demostración - 18. Conjuntos - 19. El cálculo infinitesimal - 20. Construcciones - 21. Triángulos - 22. Curvas - 23. La topología - 24. La dimensión - 25.Fractales - 26. El caos - 27. El postulado de las paralelas - 28. La geometría discreta - 29. Gráficas - 30. El problema de los cuatro colores - 31. La probabilidad - 32. La teoría de Bayes - 33. El problema del cumpleaños - 34. Distribuciones - 35. La curva normal - 36. Conexión de datos - 37. Genética - 38. Grupos - 39. Matrices - 40. Códigos - 41. Conteo avanzado - 42. Cuadrados mágicos - 43. Cuadrados latinos - 44. Matemáticas económicas - 45. El problema de la dieta - 46. El viajante - 47. Teoría de juegos - 48. La relatividad - 49. El último teorema de Fermat - 50. La hipótesis de Riemann -
942 _cBK
590 _aniveau_biblio:m niveau_hierar:0
100 1 _aCrilly, Tony
700 1 _aHerrando Pérez, Enrique
856 4 1 _uhttps://www.biblioeco.unsa.edu.ar/pmb/images/libros/L127653.jpg
_yImagen de portada
_qimage/jpeg
999 _c4449
_d4449